000 00738nam a22001937a 4500
999 _c12953
_d12953
003 AR-CdUCM
008 190410b ||||| |||| 00| 0 spa d
040 _aMUNICIPALIDAD PROVINCIAL DEL CUSCO
_cBIBLIOTECA MUNICIPAL DEL CUSCO
082 _aTS / 379.85 /
_bE79
100 _aEscobar Moscoso, Mario
_931091
245 _aUna historia cultural de la educación en el Perú /
260 _aCuzco :
_bCuzco S. A. El Comercio,
_c1952.
300 _a75 páginas ;
_c20 cm.
500 _aTesis presentada para optar al grado de doctor en educacion.
505 _aEl medio geográfico -- El periodo prehispánico -- Periodo hipánico -- periodo republicano...
650 _aEducación.
_9460
942 _2ddc
_cTESIS
945 _awfj
_d2019-04-10